000 00354nam a2200133Ia 4500
008 240624s9999 xx 000 0 und d
041 _aeng
082 _a332.4 AMA
100 _aAMATO MASSIMO
245 _aMONEY AND CALCULATION ECONOMIC AND SOCIO
260 _c2010
_aNew York
_bPalgrave Macmillan
300 _aviii, 222 p.; 23 cm.
365 _cERU
_b38
999 _c31194
_d31194